| 000 | 00540cam a2200193 4500 | ||
|---|---|---|---|
| 001 | D6197 | ||
| 008 | 090401t1981 xxu||||| |||| 00| 0 eng d | ||
| 035 | _a(Sirsi) u90167 | ||
| 041 | _aeng | ||
| 050 | _a692.8 | ||
| 110 |
_aJoint Contracts Tribunal _93664 |
||
| 245 | _aJCT standard form of building contract 1980 edition: practice note 6: value added tax | ||
| 260 |
_bRIBA _c1981 |
||
| 350 | _a0 | ||
| 490 |
_aJCT Practice Note _v6 |
||
| 520 | _aFiled in box JCT 1981/6AC A - Archives, C - Loan | ||
| 942 | _n0 | ||
| 948 | _c04/03/1997 | ||
| 999 |
_c97538 _d97538 |
||